| 000 | 00000nam 2200000zi 4500 |
| 001 | 9.937147 |
| 003 | CaOODSP |
| 005 | 20240419114246 |
| 006 | m o d f |
| 007 | cr |n||||||||| |
| 008 | 240419e20231026onc ob f|0| 0 eng d |
| 040 | |aCaOODSP|beng|erda|cCaOODSP |
| 043 | |an-cn--- |
| 086 | 1 |aRv55-8/19-9-4-2023E-PDF |
| 245 | 00|aImportation and exportation of pathogens and toxins. |
| 264 | 1|aOttawa : |bCanada Border Services Agency, |cOctober 26 2023. |
| 300 | |a1 online resource (12 unnumbered pages). |
| 336 | |atext|btxt|2rdacontent |
| 337 | |acomputer|bc|2rdamedia |
| 338 | |aonline resource|bcr|2rdacarrier |
| 490 | 1 |aMemorandum, |x2369-2391 ; |vD19-9-4 |
| 500 | |aIssued also in French under title: Importation et exportation d’agents pathogènes et de toxines. |
| 504 | |aIncludes bibliographical references. |
| 650 | 0|aPathogenic microorganisms|zCanada. |
| 650 | 0|aToxins|zCanada. |
| 650 | 0|aBiological transport|xRegulation. |
| 650 | 0|aImports|xLaw and legislation|zCanada. |
| 650 | 0|aExports|xLaw and legislation|zCanada. |
| 710 | 2 |aCanada Border Services Agency, |eissuing body. |
| 775 | 08|tImportation et exportation d’agents pathogènes et de toxines.|w(CaOODSP)9.937151 |
| 830 | #0|aMemorandum (Canada Border Services Agency)|vD19-9-4.|w(CaOODSP)9.816825 |
| 856 | 40|qPDF|s787 KB|uhttps://publications.gc.ca/collections/collection_2024/asfc-cbsa/Rv55-8-19-9-4-2023-eng.pdf |
| 856 | 4 |qHTML|sN/A|uhttps://www.cbsa-asfc.gc.ca/publications/dm-md/d19/d19-9-4-eng.html |